000 00476nam a2200145Ia 4500
003 OSt
005 20260202142951.0
008 211028s2019 xx 000 0 und d
040 _cAIMIT LIBRARY
041 _aeng
100 _aCardoza, Cletus Trevor; Achar, Sumitha.
_g1716046
_98026
245 _aStudy on customer satisfaction on big bazar products and provide measures for retaining customers /
260 _aMangalore
_bDeepika Maria Mascarenhas
_c2019
942 _2ddc
_cPRO
999 _c219594
_d219594